000 01028nam a22003257a 4500
003 CHAP
005 20220329135137.0
008 971013s1977 r 00010 d
010 _a31597
011 _a32569
035 _a36684
040 _cCHAP
082 _a332.67
_bL8
100 0 0 _aLópez Arias, César Augusto.
_967671
245 _aEmpresas multinacionales
260 _aBogotá :
_bEd. Tercer Mundo,
_c1977
300 _a195 p.
490 _aUniversidad y pueblo
_v; 17
590 _aBATCH-UPD
_b10
_c20130110
_lUCH01
_h0200
590 _aBATCH-UPD
_b10
_c20130110
_lUCH01
_h1117
590 _aBATCH-UPD
_b10
_c20130409
_lUCH01
_h2207
590 _aBATCH-UPD
_b10
_c20130914
_lUCH01
_h1302
590 _aCONVERSION
_b10
_c20130109
_lUCH01
_h1318
650 1 4 _aEmpresas comerciales internacionales.
_936653
650 1 4 _aInversiones extranjeras
_xColombia.
_960198
830 0 _aUniversidad y pueblo
_v; 17
_9116588
901 _aBK
942 _cLIBRO
949 _a332.67 L8
_bBC
_cLIBRO
_d-84468
_eLIBRO
_h41959
_i36684
_mD
_si
999 _c31597
_d31597